| 000 | 00877nam a2200241 a 4500 | ||
|---|---|---|---|
| 001 | 54383 | ||
| 003 | BD-RjUL | ||
| 005 | 20211209080119.0 | ||
| 008 | 161106r19511943ii ||||| |||| 00| 0 ben d | ||
| 020 | _c: Tk. .50 | ||
| 035 | _a(BD-RjUL)54505 | ||
| 040 |
_aBD-RjUL _bben _cBD-RjUL |
||
| 041 | _aben | ||
| 082 |
_a333.80954 _bBAV 1951 |
||
| 100 |
_aবসু, রাজশেখর _9162295 |
||
| 245 | 1 | 0 |
_aভারতের খনিজ / _cরাজশেখর বসু |
| 260 |
_aকলিকাতা : _bবিশ্বভারতী, _c১৯৪৩ [পুনর্মুদ্রণ ১৯৫১] |
||
| 300 |
_a[৬], ৬৮ পৃ. ; _c১৪ সেমি. |
||
| 500 | _aবর্ণনাসূচী সংযুক্ত | ||
| 650 |
_aখনিজ সম্পদ _zভারত _9157993 |
||
| 650 |
_aMineral resources _zIndia _9157994 |
||
| 942 |
_2ddc _cBK |
||
| 999 |
_c54383 _d54383 |
||